| 000 | 01404cad a22002535a 4500 | ||
|---|---|---|---|
| 001 | L145178 | ||
| 008 | 080915e20080313xxk f lf000 0 eng d | ||
| 035 | _a(Sirsi) u145178 | ||
| 041 | 0 | _aeng | |
| 050 | 0 | 4 | _a333.33 $2 18 |
| 110 | 2 |
_aUnited Kingdom _kLaws, etc. _95044 |
|
| 245 | 0 | 4 |
_aThe Energy Performance of Buildings (Certificates and Inspections) (England and Wales) (Amendment) Regulations 2008 _h[electronic resource] |
| 260 |
_aLondon _OPSI _c2008 |
||
| 490 | 0 |
_aSI _v2008: 647 |
|
| 505 | 2 | _aCitation, extent and commencement -- Amendments to the principal regulations -- Transitional arrangements: property on market at commencement | |
| 520 | _aAmends the Energy Performance of Buildings (Certificates and Inspections) (England and Wales) Regulations 2007 (S.I. 2007/991). Amendments relate to fees for energy performance certificates (EPCs); display energy certificates (DECs) and advisory reports on the register. Came into force 6 April 2008. | ||
| 521 | _aAdvanced | ||
| 590 | _aKA | ||
| 650 | 2 | 4 | _aTHE ENERGY PERFORMANCE OF BUILDINGS (CERTIFICATES AND INSPECTIONS) (ENGLAND AND WALES) (AMENDMENT) REGULATIONS 2008 |
| 651 | 4 |
_aEngland and Wales _y1543- |
|
| 690 | _aENVIRONMENTAL AND LAND CONSULTANCY-ENERGY-ENERGY USE-ENERGY EFFICIENCY | ||
| 856 | 4 | 0 |
_uhttps://www.opsi.gov.uk/si/si2008/uksi_20080647_en_1 _zView the item free of charge online at www.opsi.gov.uk... |
| 942 | _n0 | ||
| 999 |
_c108707 _d108707 |
||